Memoria acerca de los resultados obtenidos durante la temporada de 1854 con el uso de las aguas minero-medicinales sulfo-salino-alcalinas, tituladas de la Margarita, en Loeches... / (Record no. 154560)
[ view plain ]
| 000 -LEADER | |
|---|---|
| campo de control de longitud fija | 00831nam a22001815i 4500 |
| 001 - NÚMERO DE CONTROL | |
| campo de control | 154560 |
| 003 - IDENTIFICADOR DE NÚMERO DE CONTROL | |
| campo de control | ES-MaACL |
| 005 - FECHA Y HORA DE LA ÚLTIMA TRANSACCIÓN | |
| campo de control | 20230906205758.0 |
| 008 - DATOS DE LONGITUD FIJA--INFORMACIÓN GENERAL | |
| campo de control de longitud fija | 011108s1855 sp |||| | spa d |
| 080 ## - NÚMERO DE LA CLASIFICACIÓN DECIMAL UNIVERSAL | |
| Número de la Clasificación Decimal Universal | 553.7(460.27 Loeches) |
| 100 1# - ENTRADA PRINCIPAL--NOMBRE DE PERSONA | |
| Nombre de persona | González de Jonte, Manuel. |
| 9 (RLIN) | 127439 |
| 245 10 - MENCIÓN DEL TÍTULO | |
| Título | Memoria acerca de los resultados obtenidos durante la temporada de 1854 con el uso de las aguas minero-medicinales sulfo-salino-alcalinas, tituladas de la Margarita, en Loeches... / |
| Mención de responsabilidad, etc. | por Manuel González de Jonte. |
| 260 ## - PUBLICACIÓN, DISTRIBUCIÓN, ETC. | |
| Lugar de publicación, distribución, etc. | Madrid : |
| Nombre del editor, distribuidor, etc. | Imp. y Librería de V. Matute, |
| Fecha de publicación, distribución, etc. | 1855. |
| 300 ## - DESCRIPCIÓN FÍSICA | |
| Extensión | 41 p. ; |
| Dimensiones | 21 cm. |
| 650 #4 - PUNTO DE ACCESO ADICIONAL DE MATERIA--TÉRMINO DE MATERIA | |
| Término de materia o nombre geográfico como elemento de entrada | Aguas minerales- |
| Subdivisión geográfica | Madrid (Comunidad Autónoma) |
| 9 (RLIN) | 159811 |
| 650 ## - PUNTO DE ACCESO ADICIONAL DE MATERIA--TÉRMINO DE MATERIA | |
| Término de materia o nombre geográfico como elemento de entrada | Balnearios- |
| Subdivisión geográfica | Madrid. |
| 9 (RLIN) | 175840 |
| 852 4# - LOCALIZACIÓN | |
| Ubicación | ES-MaACL |
| Número de control de estantería | T-31-F-5 |
| Nota libre | - Enc. hol., falto de cub. original |
| -- | - Dedicatoria autógrafa del autor |
| Estatus retirado | Estado de pérdida | Estado de daño | No para préstamo | Colección | Biblioteca de origen | Biblioteca actual | Ubicación en estantería | Fecha de adquisición | Total de préstamos | Signatura topográfica completa | Código de barras | Visto por última vez | Precio de reemplazo | Tipo de ítem Koha |
|---|---|---|---|---|---|---|---|---|---|---|---|---|---|---|
| Colección de folletos | Biblioteca del Ateneo de Madrid | Biblioteca del Ateneo de Madrid | Depósito folletos | 17/01/2008 | T-31-F-5 | 1161649 | 23/02/2023 | 23/02/2023 | Folleto |
